000 00285nam a2200121Ia 4500
008 191201s1999 xx 000 0 und d
100 _aBAHRAMI, Ali
245 0 _aObject Oriented Systems Development
260 _bTMH
_c1999
300 _a411
650 _aB.Tech(CSE)
942 _2ddc
_cBK
999 _c7116
_d7116